| 000 | 00369nam a2200133Ia 4500 | ||
|---|---|---|---|
| 999 |
_c17434 _d17434 |
||
| 082 | _aRR 423 NEW- | ||
| 245 | 0 | _aNew oxford illustrated dictionary | |
| 260 |
_aWalton _bOxford University Press _c1980 |
||
| 300 | _a2v. | ||
| 500 | _aContents: Vol.1.(xvi, 960p.) - v.2.(viii, 961-1920p.) | ||
| 504 | _aref | ||
| 650 | _aEnglish language - Dictionaries | ||
| 942 |
_cBK _2ddc |
||